01673agaaa2200301 45000010005000000030009000050050017000140070009000310080040000400400023000800410013001031000045001161300034001612450199001952500022003942600124004163000034005405080193005745110092007675200179008595380016010385460013010546500059010677000057011267000062011837000069012457000057013145228IT-RoPAU20220918181239.0d cvaizq50131s9999||||xx ||| | || ||und|| aIT-RoPAUcIT-RoPAU aITALIANO aBase GiuliogCodice regista SPICS: 58034 aPADRE PIO - TRA CIELO E TERRA aPADRE PIO - TRA CIELO E TERRAcProdotto da: Bernabei L. Cadringh -- Sceneggiatura: Bernini Franco -- Diretto da: Base GiuliopPADRE PIO - TRA CIELO E TERRA (Rif. Codice opera principale : H5228) aEdizione Standard a(ITALIA)bLUX VIDE - RAI FICTION / Distribuzione: MULRIMEDIA SAN PAOLOg"2000 (1° ed.: 2004 ; Ed. Lingua Orig.: 2000)" aDVDbsonoro, col.c182 minuti a"Fotografia: Zamarion Fabio; Montaggio: Simoncelli Carla; Musica: Morricone Ennio; Sceneggiatura: Bernini Franco; Scenografia: Agate Carmelo; Soggetto: Bernini Franco -- Caneva Alessandra" a"Placido Michele; Bobulova Barbora; Camilli Fabio; Papaleo Rocco; Rome Sydney; Trevisi" a"FILM PER LA TELEVISIONE TRASMESSO DA RAIUNO NEL 2000 CHE RIPERCORRE LE FASI SALIENTI DELLA VITA DEL SANTO DI PIETRELCINA.CONTENUTI EXTRA: BACKSTAHE; FILMOGRAFIE ESSENZIALI." aPAL, STEREO aITALIANO aBIOGRAFICOeDVD-FILM [DVD]xCodice MATERIA SPICS: 9947 aBase Giulio e(regista)gCodice regista SPICS: 58034 aBernini Franco e(soggetto)gCodice Soggetto SPICS: 25342 aCaneva Alessandra e(soggetto)gCodice Soggetto 2° SPICS: 58035 aMorricone Ennioe(musica)gCodice Musica SPICS: 3535